000 01265nam a22003737a 4500
001 15789218
003 OSt
005 20210419080740.0
008 090624s2007 nyu 000 1 eng
010 _a 2009284518
020 _a9780765359018 (pbk.)
020 _a0765359014 (pbk.)
040 _aDLC
_cDLC
_dDLC
_beng
041 _aeng
050 0 0 _aPS3553.O4753
_bA79 2007
080 _a821.111
_bC-70
082 0 0 _a813/.54
_222
100 1 _aCollins, Max Allan.
245 1 0 _aAmerican gangster :
_ba novelization /
_c/ by: A Tom Doherty Associates Book
250 _a1st edition
260 _aNew York
_bA Tom Doherty Associates Book
_c2007.
300 _a290 p.
_c18 cm.
365 _b7.99 usd
500 _a"Based on the motion picture screenplay by Steven Zaillian."
600 1 0 _aLucas, Frank,
_d1930-2019
_vFiction.
650 0 _aDrug traffic
_vDrama.
650 0 _aEnglish literature
_9247
650 0 _aGangsters
_vDrama.
653 _aინგლისური ლიტერატურა
700 1 _aZaillian, Steven.
906 _a7
_bcbc
_corigres
_d2
_encip
_f20
_gy-gencatlg
942 _2udc
_cBK
_e1
999 _c1876
_d1876